<?xml version="1.0" encoding="UTF-8"?><?xml-stylesheet type="text/xsl" href="static/style.xsl"?><OAI-PMH xmlns="http://www.openarchives.org/OAI/2.0/" xmlns:xsi="http://www.w3.org/2001/XMLSchema-instance" xsi:schemaLocation="http://www.openarchives.org/OAI/2.0/ http://www.openarchives.org/OAI/2.0/OAI-PMH.xsd"><responseDate>2026-04-13T02:29:09Z</responseDate><request verb="GetRecord" identifier="oai:www.recercat.cat:2117/445811" metadataPrefix="marc">https://recercat.cat/oai/request</request><GetRecord><record><header><identifier>oai:recercat.cat:2117/445811</identifier><datestamp>2025-11-08T03:26:08Z</datestamp><setSpec>com_2072_1033</setSpec><setSpec>col_2072_452951</setSpec></header><metadata><record xmlns="http://www.loc.gov/MARC21/slim" xmlns:dcterms="http://purl.org/dc/terms/" xmlns:xsi="http://www.w3.org/2001/XMLSchema-instance" xmlns:doc="http://www.lyncode.com/xoai" xsi:schemaLocation="http://www.loc.gov/MARC21/slim http://www.loc.gov/standards/marcxml/schema/MARC21slim.xsd">
   <leader>00925njm 22002777a 4500</leader>
   <datafield ind2=" " ind1=" " tag="042">
      <subfield code="a">dc</subfield>
   </datafield>
   <datafield ind2=" " ind1=" " tag="720">
      <subfield code="a">Conca Delgado, Pablo</subfield>
      <subfield code="e">author</subfield>
   </datafield>
   <datafield ind2=" " ind1=" " tag="260">
      <subfield code="c">2025-05-26</subfield>
   </datafield>
   <datafield ind2=" " ind1=" " tag="520">
      <subfield code="a">Aquest estudi tracta sobre el dimensionament i l'optimització del disseny d'un reactor industrial, amb l'objectiu de reduir els costos de producció mitjançant la incorporació d'una segona camisa amb un circuit helicoidal refrigerant. Aquesta alteració facilita la transferència de calor i garanteix un control tèrmic més eficient del sistema, evitant pèrdues d'eficiència. 

El reactor està dissenyat per funcionar sota condicions de pressió i temperatura elevades, per la qual cosa es realitzarà una anàlisi dels materials, la integritat estructural i la viabilitat econòmica. A més, s'incorporarà un sistema d'agitació intern mitjançant un motor connectat a una hèlix, millorant la mescla dels reactius i el transferència de massa. 

La recerca abasta la creació del reactor i el seu sistema de suport, garantint la seva estabilitat mecànica i resistència a les tensions tèrmics i dinàmiques. S'utilitzarà un mètode basat en l'anàlisi teòrica i simulacions informàtiques per analitzar el comportament tèrmic i mecànic del reactor. 

El disseny proposat té com a objectiu augmentar l'eficiència operativa i reduir els costos de producció i manteniment, oferint una opció competitiva per als sectors químic i alimentari. Aquest redisseny busca aconseguir una eficiència tèrmica i mecànica superior, mantenint un equilibri entre el rendiment i el cost de producció.</subfield>
   </datafield>
   <datafield ind2=" " ind1=" " tag="520">
      <subfield code="a">Este estudio trata sobre el dimensionamiento y optimización del diseño de un reactor industrial, con la finalidad de disminuir los gastos de producción a través de la incorporación de una segunda camisa con un circuito helicoidal refrigerante. Esta alteración facilita la transferencia de calor y asegura un control térmico más eficiente del sistema, previniendo pérdidas de eficiencia.
El reactor está concebido para funcionar en circunstancias de elevada presión y temperatura, por lo que se analizarán los materiales, la resistencia estructural y la viabilidad económica. Adicionalmente, se incorporará un sistema de agitación interna a través de un motor unido a una hélice, mejorando la combinación de reactivos y la transferencia de masa.
La investigación abarca la creación del reactor y su sistema de soporte, garantizando su estabilidad mecánica y su resistencia ante esfuerzos térmicos y dinámicos. Se utilizará un método fundamentado en análisis teóricos y simulaciones informáticas, para analizar el comportamiento térmico y mecánico del reactor.
El diseño sugerido tiene como objetivo incrementar la eficiencia en las operaciones y disminuir los gastos de producción y mantenimiento, proporcionando una opción competitiva para el sector químico y alimenticio. Este rediseño busca alcanzar una eficiencia térmica y mecánica superior, manteniendo un balance entre el rendimiento y el costo de producción.</subfield>
   </datafield>
   <datafield ind2=" " ind1=" " tag="520">
      <subfield code="a">This study focuses on the sizing and optimization of the design of an industrial reactor, with the aim of reducing production costs through the incorporation of a second jacket with a helical cooling circuit. This modification facilitates heat transfer and ensures more efficient thermal control of the system, preventing efficiency losses.

The reactor is designed to operate under high-pressure and high-temperature conditions, so the materials, structural resistance, and economic feasibility will be analyzed. Additionally, an internal agitation system will be incorporated through a motor connected to a propeller, improving the combination of reactants and mass transfer.

The research includes the creation of the reactor and its support system, ensuring its mechanical stability and resistance to thermal and dynamic stresses. A method based on theoretical analysis and computer simulations will be used to analyze the thermal and mechanical behavior of the reactor.

The suggested design aims to increase operational efficiency and reduce production and maintenance costs, providing a competitive option for the chemical and food sectors. This redesign seeks to achieve superior thermal and mechanical efficiency while maintaining a balance between performance and production cost.</subfield>
   </datafield>
   <datafield ind1="8" ind2=" " tag="024">
      <subfield code="a">http://hdl.handle.net/2117/445811</subfield>
   </datafield>
   <datafield tag="653" ind2=" " ind1=" ">
      <subfield code="a">Àrees temàtiques de la UPC::Enginyeria química::Indústria dels processos químics::Reactors químics</subfield>
   </datafield>
   <datafield tag="653" ind2=" " ind1=" ">
      <subfield code="a">Chemical reactors--Design and construction</subfield>
   </datafield>
   <datafield tag="653" ind2=" " ind1=" ">
      <subfield code="a">termodinámica</subfield>
   </datafield>
   <datafield tag="653" ind2=" " ind1=" ">
      <subfield code="a">estructura</subfield>
   </datafield>
   <datafield tag="653" ind2=" " ind1=" ">
      <subfield code="a">simulación</subfield>
   </datafield>
   <datafield tag="653" ind2=" " ind1=" ">
      <subfield code="a">solidWorks</subfield>
   </datafield>
   <datafield tag="653" ind2=" " ind1=" ">
      <subfield code="a">Reactors químics--Disseny i construcció</subfield>
   </datafield>
   <datafield ind2="0" ind1="0" tag="245">
      <subfield code="a">Dimensionamiento de un reactor químico</subfield>
   </datafield>
</record></metadata></record></GetRecord></OAI-PMH>